English Speaking Cities Map Quiz - Statistics

General Stats
  • This quiz has been taken 1,259 times
  • The average score is 32 of 43
Answers on the Map
Answers color-coded by a green-red scale on the quiz's map according to % correct below.
 
Answer Stats
Answer % Correct
London
94%
Atlanta
88%
New York City
88%
Chicago
87%
Dublin
87%
Los Angeles
87%
Dallas
86%
Belfast
85%
Belize City
85%
Glasgow
84%
Toronto
83%
Liverpool
82%
Edinburgh
81%
Birmingham
80%
Manchester
80%
Newcastle
79%
Perth
79%
Cardiff
78%
San Francisco
78%
Sydney
78%
Cork
77%
Plymouth
77%
Auckland
76%
Calgary
74%
Inverness
74%
Melbourne
74%
Brisbane
72%
Derry/Londonderry
72%
Georgetown
72%
Port of Spain
72%
Halifax
71%
Winnipeg
71%
Christchurch
69%
Hobart
68%
Limerick
67%
Swansea
65%
Victoria
62%
Cairns
56%
Montego Bay
55%
St. John's
53%
Dunedin
46%
Road Town
36%
Cockburn Town
30%
No matching quizzes found
Score Distribution
Percent of People with Each Score
Percentile by Number Answered
Your Score History
You have not taken this quiz